[Event "Bundesliga 9596"]
[Site "Deutschland"]
[Date "1995.??.??"]
[Round "?.3"]
[White "Lobron, Eric"]
[Black "Kraut, Rainer"]
[Result "1-0"]
[WhiteElo "2595"]
[BlackElo "2415"]
[PlyCount "77"]
[EventDate "1995.10.??"]
[EventType "team"]
[EventRounds "15"]
[EventCountry "GER"]
[SourceTitle "Bundesliga 9596"]
[Source "DeepChess"]
[SourceDate "2005.01.01"]
[SourceVersion "1"]
[SourceVersionDate "2005.01.01"]
[SourceQuality "1"]
[WhiteTeam "SV Empor Berlin e.V."]
[BlackTeam "SV Tuebingen 1870 e.V."]
[WhiteTeamCountry "GER"]
[BlackTeamCountry "GER"]

1. c4 e5 2. g3 Nf6 3. Bg2 Nc6 4. Nf3 Bc5 5. O-O d6 6. e3 O-O 7. d4 Bb6 8. h3 h6
9. a3 a5 10. b3 Bf5 11. Bb2 Re8 12. Nc3 exd4 13. exd4 d5 14. Rc1 dxc4 15. d5
Nb4 16. axb4 axb4 17. bxc4 bxc3 18. Bxc3 Ne4 19. Bd4 Bxd4 20. Nxd4 Qf6 21. Nxf5
Qxf5 22. Qc2 Re7 23. Rfe1 Rae8 24. Re3 Nd6 25. Rxe7 Rxe7 26. c5 Qxc2 27. Rxc2
Re1+ 28. Kh2 Nf5 29. Rd2 Kf8 30. g4 Nh4 31. d6 cxd6 32. cxd6 Ke8 33. Bxb7 Re6
34. Kg3 Ng6 35. f4 Re3+ 36. Kf2 Rxh3 37. Rd4 Rc3 38. Bd5 f6 39. Bf7+ 1-0

[Event "Bundesliga 9596"]
[Site "Deutschland"]
[Date "1995.??.??"]
[Round "?.4"]
[White "Zeller, Frank"]
[Black "Luther, Thomas"]
[Result "0-1"]
[WhiteElo "2400"]
[BlackElo "2550"]
[PlyCount "54"]
[EventDate "1995.10.??"]
[EventType "team"]
[EventRounds "15"]
[EventCountry "GER"]
[SourceTitle "Bundesliga 9596"]
[Source "DeepChess"]
[SourceDate "2005.01.01"]
[SourceVersion "1"]
[SourceVersionDate "2005.01.01"]
[SourceQuality "1"]
[WhiteTeam "SV Tuebingen 1870 e.V."]
[BlackTeam "SV Empor Berlin e.V."]
[WhiteTeamCountry "GER"]
[BlackTeamCountry "GER"]

1. e4 e6 2. d4 d5 3. e5 c5 4. c3 Bd7 5. Be3 Nc6 6. Nf3 cxd4 7. Bxd4 Nxd4 8.
Qxd4 Ne7 9. Bd3 Nc6 10. Qg4 f5 11. Qf4 h6 12. g4 Qb6 13. Nbd2 g5 14. Qg3 Qxb2
15. Rb1 Qxc3 16. Rb3 Qc1+ 17. Ke2 Qxh1 18. Rb1 Qxb1 19. Bxb1 O-O-O 20. Nb3 fxg4
21. Qxg4 Be7 22. Qg3 Rdf8 23. Nfd4 Nxd4+ 24. Nxd4 Rf4 25. Qc3+ Kb8 26. f3 Rh4
27. Bd3 Rc8 0-1

[Event "Bundesliga 9596"]
[Site "Deutschland"]
[Date "1995.??.??"]
[Round "?.5"]
[White "Boensch, Uwe"]
[Black "Hess, Ralf"]
[Result "1-0"]
[WhiteElo "2560"]
[BlackElo "2400"]
[PlyCount "51"]
[EventDate "1995.10.??"]
[EventType "team"]
[EventRounds "15"]
[EventCountry "GER"]
[SourceTitle "Bundesliga 9596"]
[Source "DeepChess"]
[SourceDate "2005.01.01"]
[SourceVersion "1"]
[SourceVersionDate "2005.01.01"]
[SourceQuality "1"]
[WhiteTeam "SV Empor Berlin e.V."]
[BlackTeam "SV Tuebingen 1870 e.V."]
[WhiteTeamCountry "GER"]
[BlackTeamCountry "GER"]

1. d4 Nf6 2. c4 e6 3. Nf3 b6 4. g3 Ba6 5. Qa4 c5 6. Bg2 Bb7 7. dxc5 Bxc5 8. O-O
O-O 9. Nc3 Qc8 10. Bf4 Na6 11. Rac1 d5 12. cxd5 Nxd5 13. a3 Nxf4 14. Qxf4 Qd8
15. Rfd1 Qf6 16. Qxf6 gxf6 17. b4 Nxb4 18. axb4 Bxb4 19. Nd4 Bxg2 20. Kxg2 Rfd8
21. Nc6 Rxd1 22. Nxd1 Bf8 23. Nc3 a6 24. Na4 b5 25. Nb6 Re8 26. Ra1 1-0

[Event "Bundesliga 9596"]
[Site "Deutschland"]
[Date "1995.??.??"]
[Round "?.7"]
[White "Volke, Karsten"]
[Black "Dutschak, Hauke"]
[Result "1-0"]
[WhiteElo "2450"]
[BlackElo "2260"]
[PlyCount "61"]
[EventDate "1995.10.??"]
[EventType "team"]
[EventRounds "15"]
[EventCountry "GER"]
[SourceTitle "Bundesliga 9596"]
[Source "DeepChess"]
[SourceDate "2005.01.01"]
[SourceVersion "1"]
[SourceVersionDate "2005.01.01"]
[SourceQuality "1"]
[WhiteTeam "SV Empor Berlin e.V."]
[BlackTeam "SV Tuebingen 1870 e.V."]
[WhiteTeamCountry "GER"]
[BlackTeamCountry "GER"]

1. d4 d6 2. c4 e5 3. Nf3 e4 4. Ng5 f5 5. g3 Nf6 6. Bg2 h6 7. Nh3 g5 8. f3 Qe7
9. fxe4 Nxe4 10. O-O Bg7 11. Nf2 Nxf2 12. Rxf2 O-O 13. Nc3 Nc6 14. e3 Bd7 15.
Nd5 Qd8 16. Qd3 Be6 17. Bd2 Rb8 18. Bh3 b5 19. Bxf5 Bxf5 20. Rxf5 Rxf5 21. Qxf5
bxc4 22. Rf1 Kh8 23. Qg6 Qg8 24. Nf6 Ne7 25. Qe4 Bxf6 26. Rxf6 Re8 27. Rxh6+
Kg7 28. Re6 Kf7 29. d5 c6 30. Qf3+ Kg7 31. Bc3+ 1-0

[Event "Bundesliga 9596"]
[Site "Deutschland"]
[Date "1995.??.??"]
[Round "?.8"]
[White "Gass, Ulrich"]
[Black "Muse, Mladen"]
[Result "0-1"]
[WhiteElo "2114"]
[BlackElo "2445"]
[PlyCount "106"]
[EventDate "1995.10.??"]
[EventType "team"]
[EventRounds "15"]
[EventCountry "GER"]
[SourceTitle "Bundesliga 9596"]
[Source "DeepChess"]
[SourceDate "2005.01.01"]
[SourceVersion "1"]
[SourceVersionDate "2005.01.01"]
[SourceQuality "1"]
[WhiteTeam "SV Tuebingen 1870 e.V."]
[BlackTeam "SV Empor Berlin e.V."]
[WhiteTeamCountry "GER"]
[BlackTeamCountry "GER"]

1. e4 c5 2. Nf3 Nc6 3. Bb5 e6 4. Bxc6 bxc6 5. d3 Qc7 6. O-O Ne7 7. Ng5 f6 8.
Nh3 Ng6 9. Qh5 d5 10. f4 Qf7 11. Nd2 Bd6 12. Nf3 Ne5 13. Qh4 Ng6 14. Qh5 Ne5
15. Qh4 Nxf3+ 16. Rxf3 c4 17. e5 Be7 18. Qe1 cxd3 19. cxd3 O-O 20. d4 Qg6 21.
Rg3 Qf5 22. Rf3 c5 23. Be3 c4 24. Bd2 Qe4 25. Qxe4 dxe4 26. Rc3 Ba6 27. Re1
Rab8 28. Rc2 f5 29. Nf2 Rfd8 30. Bc3 Rd7 31. Nd1 Bd8 32. Ne3 Bb6 33. Rd2 Rbd8
34. Nc2 Bb5 35. Na3 a6 36. Red1 e3 37. Re2 Bxd4 38. Bxd4 Rxd4 39. Rxd4 Rxd4 40.
Rxe3 Rxf4 41. g3 Rd4 42. Nxb5 axb5 43. Kf2 Rd2+ 44. Re2 Rxe2+ 45. Kxe2 g5 46.
Ke3 Kf7 47. a3 Kg6 48. Kf3 Kh5 49. h3 f4 50. gxf4 gxf4 51. Kxf4 Kh4 52. Kf3
Kxh3 53. Kf4 Kh4 0-1

[Event "Bundesliga 9697"]
[Site "Deutschland"]
[Date "1997.??.??"]
[Round "?.3"]
[White "Breutigam, Martin"]
[Black "Lanka, Zigurds"]
[Result "1/2-1/2"]
[WhiteElo "2380"]
[BlackElo "2575"]
[PlyCount "112"]
[EventDate "1996.10.??"]
[EventType "team"]
[EventRounds "15"]
[EventCountry "GER"]
[SourceTitle "Bundesliga 9697"]
[Source "DeepChess"]
[SourceDate "2005.01.01"]
[SourceVersion "1"]
[SourceVersionDate "2005.01.01"]
[SourceQuality "1"]
[WhiteTeam "Delmenhorster SK 1931"]
[BlackTeam "Dresdner SC 1898"]
[WhiteTeamCountry "GER"]
[BlackTeamCountry "GER"]

1. d4 Nf6 2. Nf3 g6 3. c4 Bg7 4. Nc3 d6 5. e4 O-O 6. h3 e5 7. d5 a5 8. Be3 Na6
9. Nd2 c6 10. Be2 Bd7 11. a3 Ne8 12. g4 Nc5 13. b4 axb4 14. axb4 Na6 15. Rb1 c5
16. bxc5 Nxc5 17. Nb3 Na4 18. Nxa4 Bxa4 19. Qd3 f5 20. gxf5 gxf5 21. Nd2 b5 22.
exf5 bxc4 23. Qxc4 Bd7 24. Bd3 Ra4 25. Rb4 Ra1+ 26. Rb1 Qa5 27. Rxa1 Qxa1+ 28.
Bb1 Bxf5 29. O-O Qa8 30. Bxf5 Rxf5 31. Ne4 Qb7 32. Kh2 Kh8 33. Rc1 Rf8 34. Qc6
Qb4 35. Rc4 Qe1 36. Qd7 Nf6 37. Nxf6 Rxf6 38. Qd8+ Rf8 39. Qh4 e4 40. Rxe4 Be5+
41. Rxe5 dxe5 42. d6 Rf7 43. Qd8+ Kg7 44. Qg5+ Kf8 45. Qd8+ Kg7 46. Qg5+ Kf8
47. Qg3 Rf6 48. d7 Qa5 49. Qh4 Rd6 50. Qxh7 Qc7 51. Qh8+ Kf7 52. Qh5+ Ke6 53.
Qg4+ Kd5 54. Qd1+ Ke6 55. Qg4+ Kd5 56. Qd1+ Ke6 1/2-1/2

[Event "Bundesliga 9697"]
[Site "Deutschland"]
[Date "1997.??.??"]
[Round "?.5"]
[White "Lauber, Arnd"]
[Black "Maiwald, Jens Uwe"]
[Result "1/2-1/2"]
[WhiteElo "2360"]
[BlackElo "2495"]
[PlyCount "58"]
[EventDate "1996.10.??"]
[EventType "team"]
[EventRounds "15"]
[EventCountry "GER"]
[SourceTitle "Bundesliga 9697"]
[Source "DeepChess"]
[SourceDate "2005.01.01"]
[SourceVersion "1"]
[SourceVersionDate "2005.01.01"]
[SourceQuality "1"]
[WhiteTeam "Delmenhorster SK 1931"]
[BlackTeam "Dresdner SC 1898"]
[WhiteTeamCountry "GER"]
[BlackTeamCountry "GER"]

1. d4 d6 2. c4 e5 3. Nf3 Nd7 4. Nc3 Be7 5. e4 Ngf6 6. Be2 O-O 7. O-O c6 8. Rb1
a5 9. Qc2 Qc7 10. h3 b6 11. Be3 Bb7 12. a3 Rac8 13. b4 axb4 14. axb4 d5 15.
Nxe5 Nxe5 16. dxe5 Qxe5 17. f4 Qe6 18. e5 Nd7 19. Qd2 f5 20. cxd5 cxd5 21. Bf3
Rfd8 22. Bxd5 Bxd5 23. Qxd5 Nf8 24. Qxe6+ Nxe6 25. Ne2 Rd3 26. Rfc1 Rxc1+ 27.
Bxc1 Nc7 28. Rb2 Nd5 29. Bd2 b5 1/2-1/2

[Event "Bundesliga 9697"]
[Site "Deutschland"]
[Date "1997.??.??"]
[Round "?.6"]
[White "Borriss, Martin"]
[Black "Reefschlaeger, Helmut"]
[Result "1/2-1/2"]
[WhiteElo "2440"]
[BlackElo "2335"]
[PlyCount "59"]
[EventDate "1996.10.??"]
[EventType "team"]
[EventRounds "15"]
[EventCountry "GER"]
[SourceTitle "Bundesliga 9697"]
[Source "DeepChess"]
[SourceDate "2005.01.01"]
[SourceVersion "1"]
[SourceVersionDate "2005.01.01"]
[SourceQuality "1"]
[WhiteTeam "Dresdner SC 1898"]
[BlackTeam "Delmenhorster SK 1931"]
[WhiteTeamCountry "GER"]
[BlackTeamCountry "GER"]

1. e4 e6 2. d4 d5 3. Nc3 Nf6 4. e5 Nfd7 5. f4 c5 6. Nf3 Nc6 7. Be3 cxd4 8. Nxd4
Bc5 9. Qd2 O-O 10. O-O-O a6 11. Kb1 Bxd4 12. Bxd4 b5 13. Be3 Qc7 14. g3 Rd8 15.
Bg2 Bb7 16. Ne2 Rac8 17. Nd4 Ne7 18. Rhe1 Nc5 19. g4 Ne4 20. Qb4 Ba8 21. a3 Nc6
22. Nxc6 Qxc6 23. c3 d4 24. Rxd4 Nxc3+ 25. Qxc3 Qxg2 26. Rc1 Qb7 27. Qc7 Qxc7
28. Rxc7 Be4+ 29. Ka1 Bd5 30. Rxc8 1/2-1/2

[Event "Bundesliga 9697"]
[Site "Deutschland"]
[Date "1997.??.??"]
[Round "?.7"]
[White "Hermann, Manfred"]
[Black "Heinatz, Thomas"]
[Result "1-0"]
[WhiteElo "2370"]
[BlackElo "2380"]
[PlyCount "115"]
[EventDate "1996.10.??"]
[EventType "team"]
[EventRounds "15"]
[EventCountry "GER"]
[SourceTitle "Bundesliga 9697"]
[Source "DeepChess"]
[SourceDate "2005.01.01"]
[SourceVersion "1"]
[SourceVersionDate "2005.01.01"]
[SourceQuality "1"]
[WhiteTeam "Delmenhorster SK 1931"]
[BlackTeam "Dresdner SC 1898"]
[WhiteTeamCountry "GER"]
[BlackTeamCountry "GER"]

1. e4 g6 2. d4 Bg7 3. Nc3 c6 4. Nf3 d6 5. a4 Nf6 6. h3 O-O 7. Bc4 d5 8. Bd3
dxe4 9. Nxe4 Nxe4 10. Bxe4 Bf5 11. Bxf5 Qa5+ 12. c3 Qxf5 13. O-O Nd7 14. Qb3
Rab8 15. a5 e6 16. Be3 a6 17. Rfd1 Rfd8 18. d5 cxd5 19. Ba7 Ra8 20. Qxb7 Qf4
21. Bd4 Qd6 22. Qb3 Rab8 23. Qc2 e5 24. Be3 Nc5 25. b4 Ne6 26. Bb6 Rdc8 27. Qb3
e4 28. Nd4 Nf4 29. b5 axb5 30. Nxb5 Qd7 31. Ra2 Bf8 32. Qa4 Qf5 33. Be3 Rc4 34.
Qb3 Nxg2 35. a6 Nh4 36. Kf1 Qxh3+ 37. Ke2 Qg4+ 38. Kd2 Nf3+ 39. Kc2 Qc8 40. a7
Ra8 41. Rxd5 Ne1+ 42. Kd1 Nd3 43. Kd2 h5 44. Nd6 Bxd6 45. Rxd6 Qc7 46. Qb6 Qxb6
47. Bxb6 Rcc8 48. Ke3 Ne5 49. Kxe4 Nc4 50. Rd8+ Rxd8 51. Bxd8 Nd6+ 52. Kf3 Nc8
53. Bf6 g5 54. Bd4 Kh7 55. Rb2 Nxa7 56. Ra2 Kg6 57. Ra6+ Kh7 58. Rxa7 1-0

[Event "Bundesliga 9697"]
[Site "Deutschland"]
[Date "1997.??.??"]
[Round "?.8"]
[White "Starck, Bodo"]
[Black "Jugelt, Tobias"]
[Result "0-1"]
[WhiteElo "2290"]
[BlackElo "2375"]
[PlyCount "152"]
[EventDate "1996.10.??"]
[EventType "team"]
[EventRounds "15"]
[EventCountry "GER"]
[SourceTitle "Bundesliga 9697"]
[Source "DeepChess"]
[SourceDate "2005.01.01"]
[SourceVersion "1"]
[SourceVersionDate "2005.01.01"]
[SourceQuality "1"]
[WhiteTeam "Dresdner SC 1898"]
[BlackTeam "Delmenhorster SK 1931"]
[WhiteTeamCountry "GER"]
[BlackTeamCountry "GER"]

1. d4 Nf6 2. c4 e5 3. dxe5 Ng4 4. Bf4 Nc6 5. Nf3 Bb4+ 6. Nbd2 Qe7 7. a3 Ngxe5
8. Nxe5 Nxe5 9. e3 Bxd2+ 10. Qxd2 d6 11. Be2 O-O 12. O-O Bd7 13. c5 Bc6 14.
cxd6 cxd6 15. Rfd1 Rfd8 16. Qb4 Qe6 17. Rd4 Rd7 18. Rad1 Rad8 19. Bg3 h6 20.
Qd2 a6 21. h3 f6 22. Qc3 Kh8 23. f4 Nf7 24. Bc4 d5 25. f5 Qxf5 26. Bxa6 Ne5 27.
Be2 Re8 28. b4 Ba4 29. Rf1 Qg6 30. Kh2 Rdd8 31. Rc1 Qf5 32. b5 Rc8 33. Qd2 Rxc1
34. Qxc1 Rc8 35. Qe1 Bb3 36. Bg4 Nxg4+ 37. Rxg4 Bc2 38. Qb4 Qd7 39. Bf4 Bf5 40.
Rg3 g5 41. Qb2 Qe6 42. Bxg5 hxg5 43. Rxg5 Rc2 44. Qd4 Rc4 45. Qa1 Kh7 46. Rg3
Qe5 47. Qxe5 fxe5 48. Rg5 Be4 49. Rxe5 Rc2 50. Re7+ Kg6 51. Kg3 Rxg2+ 52. Kf4
Kf6 53. Rxb7 Rf2+ 54. Kg4 Bf5+ 55. Kg3 Re2 56. Kf3 Ra2 57. Ra7 Bxh3 58. a4 Rb2
59. Rb7 Bc8 60. Rb8 Bd7 61. Rb7 Ke6 62. Ra7 Kd6 63. Kf4 Rf2+ 64. Kg3 Ra2 65.
Ra6+ Kc7 66. Kf4 Bc8 67. Rc6+ Kb8 68. Ke5 Bb7 69. Rh6 Ka7 70. Rh4 Ra3 71. Kd6
Kb6 72. Rh7 Rxa4 73. Rxb7+ Kxb7 74. Kxd5 Rb4 75. e4 Rxb5+ 76. Kd6 Kc8 0-1

[Event "Bundesliga 9697"]
[Site "Deutschland"]
[Date "1997.??.??"]
[Round "?.2"]
[White "Ftacnik, Lubomir"]
[Black "Stohl, Igor"]
[Result "1/2-1/2"]
[WhiteElo "2595"]
[BlackElo "2580"]
[PlyCount "29"]
[EventDate "1996.10.??"]
[EventType "team"]
[EventRounds "15"]
[EventCountry "GER"]
[SourceTitle "Bundesliga 9697"]
[Source "DeepChess"]
[SourceDate "2005.01.01"]
[SourceVersion "1"]
[SourceVersionDate "2005.01.01"]
[SourceQuality "1"]
[WhiteTeam "Hamburger SK 1830 e.V."]
[BlackTeam "Delmenhorster SK 1931"]
[WhiteTeamCountry "GER"]
[BlackTeamCountry "GER"]

1. Nf3 Nf6 2. c4 b6 3. g3 c5 4. Bg2 Bb7 5. Nc3 g6 6. O-O Bg7 7. d4 cxd4 8. Qxd4
d6 9. Be3 Nbd7 10. Rac1 Rc8 11. b3 O-O 12. Qh4 a6 13. Rfd1 Rc7 14. Bh6 Qa8 15.
Bxg7 1/2-1/2

[Event "Bundesliga 9697"]
[Site "Deutschland"]
[Date "1997.??.??"]
[Round "?.3"]
[White "Breutigam, Martin"]
[Black "Mueller, Karsten"]
[Result "0-1"]
[WhiteElo "2380"]
[BlackElo "2500"]
[PlyCount "122"]
[EventDate "1996.10.??"]
[EventType "team"]
[EventRounds "15"]
[EventCountry "GER"]
[SourceTitle "Bundesliga 9697"]
[Source "DeepChess"]
[SourceDate "2005.01.01"]
[SourceVersion "1"]
[SourceVersionDate "2005.01.01"]
[SourceQuality "1"]
[WhiteTeam "Delmenhorster SK 1931"]
[BlackTeam "Hamburger SK 1830 e.V."]
[WhiteTeamCountry "GER"]
[BlackTeamCountry "GER"]

1. d4 d5 2. Bg5 h6 3. Bh4 c6 4. e3 Bf5 5. Nf3 Nd7 6. Bd3 Bxd3 7. Qxd3 Ngf6 8.
O-O e6 9. c4 Be7 10. Nc3 O-O 11. Rfd1 Re8 12. h3 Qb8 13. Rab1 Bd6 14. c5 Bc7
15. Bxf6 Nxf6 16. b4 a6 17. e4 dxe4 18. Nxe4 Qd8 19. a4 Nd5 20. b5 axb5 21.
axb5 Nf4 22. Qc2 Qd5 23. b6 Bb8 24. Ra1 Rxa1 25. Rxa1 Qf5 26. Ne1 Rd8 27. Ra8
Rf8 28. Ng3 Qd5 29. Qe4 Qxe4 30. Nxe4 Ne2+ 31. Kf1 Nxd4 32. Nd3 f5 33. Nd2 e5
34. Nc4 e4 35. Ndb2 Nb3 36. Na4 Kf7 37. Ke2 Ke6 38. Kd1 Rd8+ 39. Kc2 Nd4+ 40.
Kb1 Kd7 41. Kb2 h5 42. h4 Ne6 43. Kb3 Nf4 44. Kc2 Nxg2 45. Ra7 Bxa7 46. bxa7
Ke6 47. Nab6 Nf4 48. Nd6 Nd5 49. Nxb7 Rh8 50. a8=Q Rxa8 51. Nxa8 g5 52. Nd8+
Kd7 53. Nb6+ Nxb6 54. cxb6 gxh4 55. Ne6 Kc8 56. Ng5 Kb7 57. Kd2 Kxb6 58. Ke3 c5
59. Nh3 Kb5 60. Kf4 c4 61. Ng1 c3 0-1

[Event "Bundesliga 9697"]
[Site "Deutschland"]
[Date "1997.??.??"]
[Round "?.4"]
[White "Movsziszian, Karen"]
[Black "Beckemeier, Werner"]
[Result "1-0"]
[WhiteElo "2490"]
[BlackElo "2365"]
[PlyCount "57"]
[EventDate "1996.10.??"]
[EventType "team"]
[EventRounds "15"]
[EventCountry "GER"]
[SourceTitle "Bundesliga 9697"]
[Source "DeepChess"]
[SourceDate "2005.01.01"]
[SourceVersion "1"]
[SourceVersionDate "2005.01.01"]
[SourceQuality "1"]
[WhiteTeam "Hamburger SK 1830 e.V."]
[BlackTeam "Delmenhorster SK 1931"]
[WhiteTeamCountry "GER"]
[BlackTeamCountry "GER"]

1. d4 Nf6 2. c4 e6 3. Nf3 c5 4. d5 b5 5. Bg5 Qa5+ 6. Qd2 Qxd2+ 7. Nfxd2 bxc4 8.
Bxf6 gxf6 9. Nc3 Bb7 10. e4 Na6 11. Nxc4 f5 12. Na5 Bc8 13. exf5 Bh6 14. Bc4
Rb8 15. Rb1 exf5 16. O-O Nc7 17. Bd3 Bg7 18. d6 Ne6 19. Bxf5 Ba6 20. Rfd1 O-O
21. Ne4 Rb5 22. Nc4 Rb4 23. Ne3 Bd4 24. Nd5 Ra4 25. Ndf6+ Kg7 26. Nxd7 Rc8 27.
Bxe6 fxe6 28. Ndxc5 Bxc5 29. Nxc5 1-0

[Event "Bundesliga 9697"]
[Site "Deutschland"]
[Date "1997.??.??"]
[Round "?.5"]
[White "Hermann, Manfred"]
[Black "Michaelsen, Nils"]
[Result "1/2-1/2"]
[WhiteElo "2370"]
[BlackElo "2440"]
[PlyCount "53"]
[EventDate "1996.10.??"]
[EventType "team"]
[EventRounds "15"]
[EventCountry "GER"]
[SourceTitle "Bundesliga 9697"]
[Source "DeepChess"]
[SourceDate "2005.01.01"]
[SourceVersion "1"]
[SourceVersionDate "2005.01.01"]
[SourceQuality "1"]
[WhiteTeam "Delmenhorster SK 1931"]
[BlackTeam "Hamburger SK 1830 e.V."]
[WhiteTeamCountry "GER"]
[BlackTeamCountry "GER"]

1. e4 c5 2. Nf3 Nc6 3. c3 d5 4. exd5 Qxd5 5. d4 Bg4 6. Be2 cxd4 7. cxd4 e6 8.
h3 Bh5 9. Nc3 Qd6 10. Be3 Nf6 11. O-O Be7 12. Nb5 Qd8 13. Ne5 Bxe2 14. Qxe2 O-O
15. Nxc6 bxc6 16. Nc3 Qa5 17. Rfc1 Rfc8 18. b3 Nd5 19. Na4 Qb5 20. Rc4 h6 21.
Rac1 a5 22. Bd2 Qa6 23. Qg4 Nf6 24. Qf3 Nd5 25. Qg4 Nf6 26. Qf3 Nd5 27. Qg4
1/2-1/2

[Event "Bundesliga 9697"]
[Site "Deutschland"]
[Date "1997.??.??"]
[Round "?.6"]
[White "Heinemann, Thies"]
[Black "Jugelt, Tobias"]
[Result "1-0"]
[WhiteElo "2425"]
[BlackElo "2375"]
[PlyCount "75"]
[EventDate "1996.10.??"]
[EventType "team"]
[EventRounds "15"]
[EventCountry "GER"]
[SourceTitle "Bundesliga 9697"]
[Source "DeepChess"]
[SourceDate "2005.01.01"]
[SourceVersion "1"]
[SourceVersionDate "2005.01.01"]
[SourceQuality "1"]
[WhiteTeam "Hamburger SK 1830 e.V."]
[BlackTeam "Delmenhorster SK 1931"]
[WhiteTeamCountry "GER"]
[BlackTeamCountry "GER"]

1. e4 c5 2. Nf3 d6 3. d4 cxd4 4. Nxd4 Nf6 5. Nc3 a6 6. f4 Qc7 7. Nf3 Nbd7 8. a4
g6 9. Bd3 Bg7 10. O-O O-O 11. Qe1 e6 12. Qh4 b6 13. f5 exf5 14. exf5 Bb7 15.
Bh6 Rae8 16. Ng5 Re5 17. Rf2 Rfe8 18. Raf1 Re1 19. fxg6 Rxf1+ 20. Kxf1 fxg6 21.
Bc4+ d5 22. Nxd5 Qxc4+ 23. Qxc4 Bxd5 24. Qxa6 Bxh6 25. Nf3 Ng4 26. Re2 Ne3+ 27.
Kf2 Nd1+ 28. Kg3 Rf8 29. Qd3 Bf4+ 30. Kh4 Rf5 31. Qxd1 Bc7 32. Kh3 g5 33. Qd3
g4+ 34. Kxg4 Rf7 35. Re8+ Kg7 36. Kh3 Nf6 37. Ng5 Rd7 38. Qf5 1-0

[Event "Bundesliga 9697"]
[Site "Deutschland"]
[Date "1997.??.??"]
[Round "?.7"]
[White "Schlemermeyer, Wilhelm"]
[Black "Wilhelmi, Christian"]
[Result "0-1"]
[WhiteElo "2310"]
[BlackElo "2400"]
[PlyCount "94"]
[EventDate "1996.10.??"]
[EventType "team"]
[EventRounds "15"]
[EventCountry "GER"]
[SourceTitle "Bundesliga 9697"]
[Source "DeepChess"]
[SourceDate "2005.01.01"]
[SourceVersion "1"]
[SourceVersionDate "2005.01.01"]
[SourceQuality "1"]
[WhiteTeam "Delmenhorster SK 1931"]
[BlackTeam "Hamburger SK 1830 e.V."]
[WhiteTeamCountry "GER"]
[BlackTeamCountry "GER"]

1. d4 Nf6 2. c4 e6 3. g3 d5 4. Bg2 Bb4+ 5. Bd2 Be7 6. Nf3 O-O 7. O-O Nbd7 8.
Qc2 Nb6 9. c5 Nbd7 10. Nc3 c6 11. b4 b6 12. e4 bxc5 13. bxc5 dxe4 14. Nxe4 Nxe4
15. Qxe4 Ba6 16. Rfd1 Rc8 17. Rac1 Nf6 18. Qe1 Bb5 19. Ba5 Qe8 20. Qd2 Nd5 21.
Qc2 Bf6 22. h4 g6 23. Re1 Ne7 24. Bh3 Qd7 25. a4 Ba6 26. Rcd1 Nf5 27. Bc3 Qc7
28. Ne5 Bg7 29. h5 Rcd8 30. hxg6 hxg6 31. g4 Nxd4 32. Rxd4 Rxd4 33. Bxd4 Rd8
34. Bc3 Rd5 35. Qb2 Rxc5 36. f4 g5 37. Bg2 gxf4 38. Bd4 Ra5 39. Nxc6 Rg5 40.
Bxg7 Rxg4 41. Be5 Qxc6 42. Kh2 Rh4+ 43. Kg1 Rg4 44. Rc1 Qa8 45. Bxf4 Qf3 46.
Qb8+ Kh7 47. Qb1+ Bd3 0-1

[Event "Bundesliga 9697"]
[Site "Deutschland"]
[Date "1997.??.??"]
[Round "?.8"]
[White "Gustafsson, Jan"]
[Black "Gisbrecht, Ewgeni"]
[Result "1/2-1/2"]
[WhiteElo "2355"]
[BlackElo "2405"]
[PlyCount "42"]
[EventDate "1996.10.??"]
[EventType "team"]
[EventRounds "15"]
[EventCountry "GER"]
[SourceTitle "Bundesliga 9697"]
[Source "DeepChess"]
[SourceDate "2005.01.01"]
[SourceVersion "1"]
[SourceVersionDate "2005.01.01"]
[SourceQuality "1"]
[WhiteTeam "Hamburger SK 1830 e.V."]
[BlackTeam "Delmenhorster SK 1931"]
[WhiteTeamCountry "GER"]
[BlackTeamCountry "GER"]

1. d4 d5 2. c4 c6 3. Nc3 Nf6 4. e3 a6 5. Qc2 b5 6. b3 e6 7. Bd3 bxc4 8. bxc4
dxc4 9. Bxc4 c5 10. Nf3 cxd4 11. exd4 Be7 12. O-O O-O 13. Rd1 Nc6 14. Qe2 Qc7
15. Bd2 Rd8 16. Be1 Nb4 17. Ne5 Nbd5 18. Nxd5 Nxd5 19. Rac1 Qd6 20. Bxd5 Qxd5
21. Nc6 Re8 1/2-1/2

[Event "Bundesliga 9697"]
[Site "Deutschland"]
[Date "1996.??.??"]
[Round "?.8"]
[White "Schlemermeyer, Wilhelm"]
[Black "Schmitz, Joachim"]
[Result "1/2-1/2"]
[WhiteElo "2310"]
[BlackElo "2169"]
[PlyCount "81"]
[EventDate "1996.10.??"]
[EventType "team"]
[EventRounds "15"]
[EventCountry "GER"]
[SourceTitle "Bundesliga 9697"]
[Source "DeepChess"]
[SourceDate "2005.01.01"]
[SourceVersion "1"]
[SourceVersionDate "2005.01.01"]
[SourceQuality "1"]
[WhiteTeam "Delmenhorster SK 1931"]
[BlackTeam "PSV Turm Duisburg 1920 e.V."]
[WhiteTeamCountry "GER"]
[BlackTeamCountry "GER"]

1. c4 c5 2. g3 g6 3. Bg2 Bg7 4. Nc3 Nc6 5. b3 e6 6. Bb2 Nge7 7. h4 h5 8. Qc1 d6
9. Nd5 e5 10. Nh3 O-O 11. Ng5 Nxd5 12. Bxd5 Ne7 13. Bg2 Rb8 14. O-O Bd7 15. f4
Nf5 16. Kh2 Qe7 17. e3 b5 18. Bd5 bxc4 19. Bxc4 exf4 20. Rxf4 Be5 21. Bxe5 Qxe5
22. Nxf7 Rxf7 23. Bxf7+ Kxf7 24. e4 Rb4 25. Qe1 Bc6 26. d3 Kg8 27. a3 Rxb3 28.
Rb1 Rxd3 29. exf5 Qxe1 30. Rxe1 gxf5 31. Rxf5 Rd2+ 32. Kg1 Rg2+ 33. Kf1 Rxg3
34. Rxh5 Rxa3 35. Re6 Rd3 36. Rhh6 a5 37. Rhg6+ Kf7 38. Rgf6+ Kg7 39. h5 Rf3+
40. Rxf3 Bxf3 41. h6+ 1/2-1/2

[Event "Bundesliga 9697"]
[Site "Deutschland"]
[Date "1996.??.??"]
[Round "?.1"]
[White "Keitlinghaus, Ludger"]
[Black "Rogers, Ian"]
[Result "1/2-1/2"]
[WhiteElo "2515"]
[BlackElo "2575"]
[PlyCount "41"]
[EventDate "1996.10.??"]
[EventType "team"]
[EventRounds "15"]
[EventCountry "GER"]
[SourceTitle "Bundesliga 9697"]
[Source "DeepChess"]
[SourceDate "2005.01.01"]
[SourceVersion "1"]
[SourceVersionDate "2005.01.01"]
[SourceQuality "1"]
[WhiteTeam "PSV Turm Duisburg 1920 e.V."]
[BlackTeam "Delmenhorster SK 1931"]
[WhiteTeamCountry "GER"]
[BlackTeamCountry "GER"]

1. e4 d5 2. exd5 Qxd5 3. Nc3 Qa5 4. g3 c6 5. Bg2 Nf6 6. h3 g6 7. d3 Bg7 8. Bd2
Qb6 9. Qc1 Nbd7 10. Be3 Qa5 11. Bd2 O-O 12. Bh6 Nb6 13. Nge2 Nbd5 14. Bxg7 Kxg7
15. O-O Nxc3 16. bxc3 Re8 17. c4 Qh5 18. Nf4 Qh6 19. Ne2 Qh5 20. Nf4 Qh6 21.
Ne2 1/2-1/2